[Event "Recklinghausen op 13th"]
[Site "Recklinghausen"]
[Date "2002.08.24"]
[Round "8"]
[White "Bergmann, Jesper"]
[Black "Schaffarczyk, Andre"]
[Result "0-1"]
[WhiteElo "2235"]
[BlackElo "2105"]
[PlyCount "67"]
[EventDate "2002.08.19"]
[EventType "swiss"]
[EventRounds "9"]
[EventCountry "GER"]
[SourceTitle "CBM 089 Extra"]
[Source "ChessBase"]
[SourceDate "2002.09.10"]
[SourceVersion "2"]
[SourceVersionDate "2002.09.10"]
[SourceQuality "1"]

1. f4 d5 2. Nf3 g6 3. e3 Bg7 4. d4 Nf6 5. Bd3 0-0 6. Nbd2 b6 7. Qe2 Bb7 8. 0-0 c5 9. c3 e6 10. Ne5 Ne4 11. g4 Nd7 12. Qg2 f5 13. Nxd7 Qxd7 14. g5 a5 15. Nf3 a4 16. Bd2 Ba6 17. Bxa6 Rxa6 18. Be1 b5 19. Nd2 Qe7 20. Nxe4 dxe4 21. Qe2 Rb6 22. b4 cxd4 23. cxd4 Rc8 24. Bd2 Rc2 25. Rfc1 Qc7 26. Rxc2 Qxc2 27. Kf2 a3 28. Qd1 Rc6 29. Qc1 Bxd4 30. exd4 e3+ 31. Ke2 exd2 32. Qxd2 Qe4+ 33. Kd1 Rc4 34. Qe1 0-1

[Event "Recklinghausen op 13th"]
[Site "Recklinghausen"]
[Date "2002.08.21"]
[Round "5"]
[White "Leveikina, Jevgenija"]
[Black "Bergmann, Jesper"]
[Result "0-1"]
[WhiteElo "2016"]
[BlackElo "2235"]
[PlyCount "76"]
[EventDate "2002.08.19"]
[EventType "swiss"]
[EventRounds "9"]
[EventCountry "GER"]
[SourceTitle "CBM 089 Extra"]
[Source "ChessBase"]
[SourceDate "2002.09.10"]
[SourceVersion "2"]
[SourceVersionDate "2002.09.10"]
[SourceQuality "1"]

1. d4 f5 2. Bg5 b6 3. e3 Nf6 4. Bxf6 exf6 5. Nf3 Bb7 6. c4 Bb4+ 7. Nc3 Qe7 8. Bd3 Be4 9. 0-0 Bxc3 10. bxc3 Qa3 11. Bxe4 fxe4 12. Nd2 Qe7 13. Qg4 0-0 14. Qxe4 Qxe4 15. Nxe4 f5 16. Nd2 d6 17. a4 Nc6 18. Nb3 a5 19. Nc1 Rab8 20. Nd3 Rbd8 21. Nf4 Kf7 22. d5 Ne5 23. Ne6 Nxc4 24. Nxd8+ Rxd8 25. Rfd1 Ne5 26. Kf1 Re8 27. Rd4 Nd7 28. Rad1 Nf6 29. Rc4 Re7 30. Ke2 g5 31. f3 h5 32. Rf1 Nxd5 33. e4 f4 34. Rg1 c5 35. Kd3 Ne3 36. g3 Re5 37. h4 d5 38. gxf4 gxf4 0-1

[Event "Recklinghausen op 13th"]
[Site "Recklinghausen"]
[Date "2002.08.20"]
[Round "3"]
[White "Bergmann, Jesper"]
[Black "Wyrwich, Thomas"]
[Result "0-1"]
[WhiteElo "2235"]
[BlackElo "2259"]
[PlyCount "65"]
[EventDate "2002.08.19"]
[EventType "swiss"]
[EventRounds "9"]
[EventCountry "GER"]
[SourceTitle "CBM 089 Extra"]
[Source "ChessBase"]
[SourceDate "2002.09.10"]
[SourceVersion "2"]
[SourceVersionDate "2002.09.10"]
[SourceQuality "1"]

1. f4 g6 2. Nf3 Bg7 3. d4 d5 4. e3 Nh6 5. Bd3 0-0 6. 0-0 c5 7. c3 Qc7 8. Nbd2 Bf5 9. Bxf5 Nxf5 10. Nb3 c4 11. g4 Nh6 12. g5 Nf5 13. Nc5 b6 14. Na4 Nd7 15. b3 b5 16. Nb2 Nb6 17. Bd2 Nd6 18. Rc1 a5 19. Qe1 cxb3 20. axb3 a4 21. Nd3 Ne4 22. Rb1 Rfc8 23. Qe2 Qd7 24. Nde5 Qh3 25. bxa4 Nxa4 26. Ra1 Naxc3 27. Bxc3 Nxc3 28. Qb2 Rxa1 29. Qxa1 Bxe5 30. fxe5 Ne2+ 31. Kf2 Rc2 32. Qa8+ Kg7 33. e4 0-1

[Event "Politiken Cup 10th"]
[Site "Copenhagen"]
[Date "1988.??.??"]
[Round "10"]
[White "Bang, Andreas"]
[Black "Bergmann, Jesper"]
[Result "1-0"]
[WhiteElo "2250"]
[BlackElo "2245"]
[PlyCount "51"]
[EventDate "1988.06.??"]
[EventType "swiss"]
[EventRounds "10"]
[EventCountry "DEN"]
[SourceTitle "TD"]
[Source "ChessBase"]
[SourceDate "1994.03.01"]
[SourceVersion "1"]
[SourceVersionDate "1994.03.01"]
[SourceQuality "1"]

1. Nf3 Nf6 2. c4 c6 3. Nc3 d5 4. d4 g6 5. cxd5 cxd5 6. Bg5 Ne4 7. Qb3 Nxg5 8. Nxg5 e6 9. Nf3 Bg7 10. e3 0-0 11. h4 h5 12. Ng5 Nc6 13. Be2 e5 14. dxe5 d4 15. Rd1 Bxe5 16. Nf3 Bg7 17. 0-0 Bg4 18. Qxb7 Bxf3 19. Bxf3 Qxh4 20. g3 Qh3 21. Bg2 Qg4 22. Nd5 Ne5 23. Rxd4 Qe2 24. Nc3 Qc2 25. Be4 Nf3+ 26. Kg2 1-0

[Event "Politiken Cup 10th"]
[Site "Copenhagen"]
[Date "1988.??.??"]
[Round "3"]
[White "Bern, Ivar"]
[Black "Bergmann, Jesper"]
[Result "1/2-1/2"]
[WhiteElo "2340"]
[BlackElo "2245"]
[PlyCount "42"]
[EventDate "1988.06.??"]
[EventType "swiss"]
[EventRounds "10"]
[EventCountry "DEN"]
[SourceTitle "TD"]
[Source "ChessBase"]
[SourceDate "1994.03.01"]
[SourceVersion "1"]
[SourceVersionDate "1994.03.01"]
[SourceQuality "1"]

1. c4 c6 2. Nc3 d5 3. cxd5 cxd5 4. d4 Nf6 5. Bf4 Nc6 6. e3 Bf5 7. Nf3 e6 8. Ne5 Nd7 9. Nxc6 bxc6 10. Be2 Be7 11. 0-0 0-0 12. Rc1 Qa5 13. a3 Nb6 14. Nb1 Bxb1 15. Rxb1 c5 16. dxc5 Qxc5 17. Be5 Qa5 18. Bd3 Rfe8 19. Bc3 Qa4 20. Bc2 Qd7 21. Qd3 g6 1/2-1/2

[Event "Politiken Cup 10th"]
[Site "Copenhagen"]
[Date "1988.??.??"]
[Round "5"]
[White "Wegner, Hannu"]
[Black "Bergmann, Jesper"]
[Result "1-0"]
[WhiteElo "2320"]
[BlackElo "2245"]
[PlyCount "55"]
[EventDate "1988.06.??"]
[EventType "swiss"]
[EventRounds "10"]
[EventCountry "DEN"]
[SourceTitle "TD"]
[Source "ChessBase"]
[SourceDate "1994.03.01"]
[SourceVersion "1"]
[SourceVersionDate "1994.03.01"]
[SourceQuality "1"]

1. e4 c6 2. d4 d5 3. exd5 cxd5 4. c4 Nf6 5. Nc3 e6 6. Nf3 Be7 7. cxd5 Nxd5 8. Bd3 Nc6 9. 0-0 0-0 10. Re1 Ncb4 11. Bb1 Nf6 12. Ne5 Bd7 13. Re3 Bc6 14. Rg3 Re8 15. h4 Nbd5 16. h5 Nxc3 17. bxc3 Be4 18. Bh6 Bf8 19. Bxg7 Bxg7 20. h6 Bg6 21. hxg7 Qe7 22. Bxg6 hxg6 23. Qd3 Kxg7 24. Re1 Rg8 25. Ree3 Kf8 26. Ref3 Rd8 27. Rxg6 fxg6 28. Nxg6+ 1-0